¡Ánimo! : Inténtalo otra vez : los minusválidos y el deporte Inténtalo otra vez :
Descripción Física:
226 p. : il., negre i col. ; 25 cm
Materias:
Esports per a discapacitats
MARC
| LEADER | 00000nam a2200000Ia 4500 | ||
|---|---|---|---|
| 001 | 11759 | ||
| 003 | BGR | ||
| 005 | 20260324175331.0 | ||
| 008 | 160829s1989 xx 000 0 cat d | ||
| 080 | |a P-1-34 | ||
| 245 | |a ¡Ánimo! : |b Inténtalo otra vez : |b los minusválidos y el deporte | ||
| 260 | |a Madrid : |b Ministerio de Trabajo y Seguridad Social, |c 1989 | ||
| 300 | |a 226 p. : |b il., negre i col. ; |c 25 cm | ||
| 590 | |a A peu de portada: Ministerio de Asuntos Sociales. Instituto Nacional de Servicios Sociales. | ||
| 590 | |a Bibliografia | ||
| 650 | |a Esports per a discapacitats |9 27603 | ||
| 710 | |a Instituto Nacional de Servicios Sociales (INSERSO) (Espanya) |9 59170 | ||
| 901 | |a Arxiu | ||
| 942 | |n 1 |2 udc |c MON | ||
| 952 | |0 0 |1 0 |4 0 |6 P134 |7 1 |9 44466 |a Arxiu |b Arxiu |d 2016-12-01 |l 0 |o P-1-34 |p 11759 |r 2016-12-01 00:00:00 |w 2016-12-01 |y ARXIU | ||
| 999 | |c 47047 |d 47047 | ||